| 000 | 01315nam a2200373 a 4500 | ||
|---|---|---|---|
| 999 |
_c4506 _d4506 |
||
| 001 | 4487163 | ||
| 003 | GZU | ||
| 005 | 20210316114202.0 | ||
| 008 | 960904s1996 rh a b 001 0 eng | ||
| 010 | _a 96980693 | ||
| 020 | _a0869226223 | ||
| 040 |
_aDLC _cDLC |
||
| 041 | 0 | _aengsho | |
| 042 | _alcode | ||
| 043 | _af-rh--- | ||
| 050 | 0 | 0 |
_aPL8681.5 _b.P66 1996 |
| 082 | 0 | 0 |
_a896/.39751 _221 |
| 100 | 1 | _aPongweni, Alec J. C. | |
| 245 | 1 | 0 |
_aShona praise poetry as role negotiation : _bthe battles of the clans and the sexes / _cby A.J.C. Pongweni. |
| 260 |
_aGweru, Zimbabwe : _bMambo Press, _c1996. |
||
| 300 |
_axi, 156 p. : _bill. ; _c22 cm. |
||
| 440 | 0 | _aShona culture and heritage series | |
| 504 | _aIncludes bibliographical references (p. 150-152) and index. | ||
| 546 | _aIn English, with some Shona. | ||
| 650 | 0 |
_aLaudatory poetry, Shona _xHistory and criticism. |
|
| 650 | 0 | _aSex role in literature. | |
| 650 | 0 | _aLove in literature. | |
| 650 | 0 | _aKinship in literature. | |
| 650 | 0 |
_aLiterature and society _zZimbabwe. |
|
| 650 | 0 |
_aShona (African people) _xSocial life and customs. |
|
| 906 |
_a7 _bcbc _corigode _d2 _encip _f19 _gy-gencatlg |
||
| 942 |
_2lcc _cBK _h8681.5 _iPON _kPL _m1996 |
||